[Event "chess.com SpeedChess Q2Sw"]
[Site "chess.com INT"]
[Date "2022.11.12"]
[Round "13"]
[White "Svane, R."]
[Black "Terry, R."]
[Result "1-0"]
[WhiteElo "2619"]
[BlackElo "2516"]
[PlyCount "41"]
[EventDate "2022.11.12"]

1. Nf3 Nf6 2. g3 d5 3. Bg2 c6 4. O-O Bg4 5. h3 Bh5 6. d4 Nbd7 7. c4 e6 8. cxd5 exd5 9. Ne5 Bd6 10. f4 Bg6 11. Nc3 Be4 12. Nxe4 Nxe4 13. Bxe4 dxe4 14. Qb3 O-O 15. Qxb7 Bxe5 $146 ({RR} 15... Nxe5 16. fxe5 Bc7 17. Qb4 Qd7 18. Kg2 Rab8 19. Qc4 Rb5 20. b3 c5 21. Ba3 e3 22. Bxc5 Rc8 23. Rf3 Bxe5 24. Raf1 Bf6 25. Rxe3 Bxd4 26. Qxd4 Qb7+ 27. Qe4 Qxe4+ 28. Rxe4 Rbxc5 29. Re7 R5c7 30. Rfxf7 {Svane,R (2619)-Garv,G (1973) chess.com INT 2022 1-0 (48)}) 16. dxe5 Nc5 17. Qb4 Qb6 18. Qxb6 axb6 19. Be3 Na4 20. Rab1 Nc5 21. Rfc1 1-0

[Event "chess.com SpeedChess Q2Sw"]
[Site "chess.com INT"]
[Date "2022.11.12"]
[Round "13"]
[White "Fridman, D."]
[Black "Shimanov, A."]
[Result "1-0"]
[WhiteElo "2602"]
[BlackElo "2581"]
[PlyCount "83"]
[EventDate "2022.11.12"]

1. Nf3 d5 2. g3 Nd7 3. d4 Ngf6 4. Bg2 e6 5. O-O c6 6. c4 dxc4 7. a4 a5 8. Qc2 b5 9. Nc3 Qb6 10. Ne5 Nxe5 11. dxe5 Nd5 12. axb5 cxb5 13. Nxd5 exd5 14. Bxd5 Ra7 15. Qe4 Bc5 16. Bc6+ Bd7 17. Bxd7+ Rxd7 18. Qa8+ Rd8 19. Qxa5 Qxa5 20. Rxa5 Kd7 21. Rxb5 Kc6 22. Ra5 Rd5 23. Kg2 Rxe5 24. Be3 Rb8 $146 ({RR} 24... Rhe8 25. Rc1 Bxe3 26. Rxc4+ Kd6 27. Rxe5 Rxe5 28. fxe3 Rxe3 29. Rc2 Rb3 30. Rd2+ Ke5 31. Kf2 h5 32. Rc2 g6 33. Ke1 h4 34. gxh4 Rh3 35. Rc4 Rb3 36. h5 Rxb2 37. hxg6 fxg6 38. Kf2 Rb3 39. Rh4 {Cheng,B (2583)-Shimanov,A (2581) Almaty KAZ 2022 ½-½ (103)}) 25. Rc1 Bxe3 26. Rxc4+ Bc5 27. b4 Rxb4 28. Rxb4 Rxe2 29. Rf4 f6 30. h4 Kd6 31. h5 h6 32. Ra8 Ke7 33. Ra5 Bb6 34. Rb5 Re6 35. Rfb4 Bc7 36. Rb7 Rc6 37. Rd4 Ke6 38. Rd2 f5 39. f4 Kf6 40. Rd7 Rc2+ 41. Kh3 Ba5 42. Rd6# 1-0

[Event "chess.com SpeedChess Q2KO"]
[Site "chess.com INT"]
[Date "2022.11.13"]
[Round "1.6"]
[White "Grischuk, A."]
[Black "Duda, J."]
[Result "1-0"]
[WhiteElo "2745"]
[BlackElo "2731"]
[PlyCount "115"]
[EventDate "2022.11.13"]
[EventType "k.o."]

1. Nf3 d5 2. g3 Nc6 3. d4 Bf5 4. Bg2 Nb4 5. Na3 e6 6. O-O Be7 7. Ne5 ({RR} 7. c3 Nc6 8. Qa4 Nf6 {½-½ (13) Davies,N (2294)-Wang Pin (2389) Prague CZE 2025}) 7... Nf6 8. c3 Nc6 9. Qa4 O-O 10. Nxc6 bxc6 11. Qxc6 Rb8 12. Qa4 h5 13. Nc2 h4 14. Nb4 h3 $146 ({RR} 14... Bd6 15. Qd1 h3 16. Bf3 Qd7 17. Nd3 Ne4 18. Be3 f6 19. Rc1 e5 20. c4 dxc4 21. dxe5 fxe5 22. Rxc4 Nf6 23. Nc5 Qf7 24. b3 Qg6 25. Qc1 e4 26. Nxe4 Nxe4 27. Rxe4 Bxe4 28. Qc4+ Kh8 29. Qxe4 {Valdes,L (2347)-Siddharth,J (2514) Budapest HUN 2024 ½-½ (112)}) 15. Bf3 Ne4 16. Bxe4 Bxe4 17. Nc6 Qd7 18. b3 Bd6 19. Nxb8 Qxa4 20. bxa4 Rxb8 21. f3 Bf5 22. Bf4 Rb2 23. Bxd6 cxd6 24. Rf2 Rb6 25. Rc1 g5 26. g4 Bg6 27. e3 Bd3 28. Rd2 Bc4 29. Kf2 Ra6 30. Kg3 Rxa4 31. Kxh3 Kg7 32. Kg3 Ra6 33. Rb2 Rc6 34. h4 gxh4+ 35. Kxh4 a5 36. a4 Bd3 37. Kg3 Rc4 38. Ra2 Bg6 39. Kf2 Kf6 40. Ke2 Kg5 41. Kd2 Kh4 42. Ke2 Kg3 43. Rg1+ Kh4 44. Ra3 Kg5 45. Kf2 Bc2 46. Kg3 Kf6 47. Kf4 e5+ 48. Kg3 Kg6 49. f4 f6 50. f5+ Kg7 51. Rc1 Bd3 52. Rd1 Be4 53. Rd2 Kh6 54. Rh2+ Kg7 55. Rb2 Rc7 56. Rb6 Kh6 57. Rxd6 Kg5 58. Rd8 1-0

[Event "chess.com SpeedChess Q2KO"]
[Site "chess.com INT"]
[Date "2022.11.13"]
[Round "1.8"]
[White "Grischuk, A."]
[Black "Duda, J."]
[Result "1-0"]
[WhiteElo "2745"]
[BlackElo "2731"]
[PlyCount "177"]
[EventDate "2022.11.13"]
[EventType "k.o."]

1. Nf3 Nf6 2. g3 d5 3. Bg2 Nc6 4. d4 Bf5 5. O-O Nb4 6. Na3 e6 7. Nh4 ({RR} 7. Bf4 c6 8. c3 Na6 9. Nc2 Be7 10. Ne5 h6 11. Ne1 O-O 12. N1d3 Rc8 13. b4 Nb8 14. a4 a5 15. Qb3 axb4 16. cxb4 Ne4 17. Nc5 Nd6 18. Rfc1 Bg5 19. Bxg5 hxg5 20. a5 f6 21. Nf3 Qe7 {Caruana,F (2829)-Kramnik,V (2769) London 2014 0-1 (48)}) 7... Bg4 ({RR} 7... Be4 8. f3 Bg6 9. c3 Nc6 10. Nc2 Be7 11. e4 a5 12. Be3 a4 13. Bf2 Na5 14. Ne3 b5 15. b3 a3 16. Qe2 c6 17. Nxg6 hxg6 18. Rad1 Rb8 19. h3 O-O 20. e5 Nd7 21. b4 Nc4 22. f4 {Oparin,G (2660)-Lamaze,S (2448) chess.com INT 2025 1-0 (41)}) 8. c3 Nc6 9. Nc2 Bh5 $146 ({RR} 9... Be7 10. h3 Bh5 11. Nf3 O-O 12. b4 a6 13. a4 Bd6 14. Nce1 Ne4 15. Qb3 e5 16. dxe5 Nxe5 17. Nd4 Re8 18. f4 Nc4 19. g4 Bg6 20. f5 Qh4 21. fxg6 hxg6 22. Nd3 Qg3 23. Bf4 Bxf4 24. Rxf4 {Stefanova,A (2462)-Goryachkina,A (2582) Europe Echecs INT 2020 1-0 (38)}) 10. Ne1 Be7 11. Nd3 Bg6 12. Nxg6 hxg6 13. f3 Na5 14. e4 c6 15. e5 Ng8 16. f4 Nh6 17. g4 Qc7 18. b3 O-O-O 19. Be3 Kb8 20. h3 Rc8 21. Rc1 Rhd8 22. Qe2 Ka8 23. c4 dxc4 24. bxc4 Qd7 25. Rfd1 Ng8 26. Nf2 Ba3 27. Rb1 Bf8 28. Bd2 Qc7 29. Bc3 Ne7 30. Ne4 g5 31. fxg5 Ng6 32. Qf1 Nh4 33. Bh1 Rb8 34. c5 Be7 35. Qxf7 Rf8 36. Qxe6 Nf3+ 37. Bxf3 Rxf3 38. Rf1 Rxh3 39. Rf7 Qd8 40. Rxe7 Qh8 41. Nf2 Rg3+ 42. Kf1 Rxc3 43. Kg2 Rc2 44. Rh1 Qf8 45. Rf1 Nc4 46. Qf7 Ne3+ 47. Kg1 Qh8 48. Qf3 Nxf1 49. Kxf1 Rf8 50. Rf7 Rd8 51. e6 Rb8 52. e7 Rc1+ 53. Kg2 Qe8 54. Qf4 Re1 55. Rf8 Rxe7 56. Rxe8 Rbxe8 57. Nd3 Rd7 58. Ne5 Rd5 59. g6 Red8 60. Nf3 R5d7 61. g5 a6 62. a3 Ka7 63. Kg3 Ka8 64. Kf2 Ka7 65. Ke3 Rh8 66. Ne5 Re7 67. Qf5 Rhe8 68. Kd3 Rd8 69. Kc4 Ka8 70. Qf7 Rde8 71. Qf4 Rd8 72. a4 Ka7 73. Kc3 Ka8 74. Nc4 Rde8 75. Nd6 Rh8 76. Nf5 Rd7 77. Kc4 Rf8 78. Qe4 Rfd8 79. Nd6 Rh8 80. d5 cxd5+ 81. Kxd5 Rhd8 82. a5 Ka7 83. Qe6 Rc7 84. Kc4 Rdd7 85. Qd5 Re7 86. Kd4 Rc6 87. Nc4 Rec7 88. Ne5 Ka8 89. Nxc6 1-0

[Event "chess.com SpeedChess Q2KO"]
[Site "chess.com INT"]
[Date "2022.11.13"]
[Round "1.10"]
[White "Grischuk, A."]
[Black "Duda, J."]
[Result "1-0"]
[WhiteElo "2745"]
[BlackElo "2731"]
[PlyCount "111"]
[EventDate "2022.11.13"]
[EventType "k.o."]

1. Nf3 d5 2. g3 Nc6 3. d4 Bf5 4. Bg2 Nb4 5. Na3 e6 6. O-O Be7 7. Ne5 c6 ({RR} 7... Nf6 8. c3 Nc6 9. Qa4 O-O 10. Nxc6 bxc6 11. Qxc6 Rb8 12. Qa4 h5 13. Nc2 h4 14. Nb4 h3 15. Bf3 Ne4 16. Bxe4 Bxe4 17. Nc6 Qd7 18. b3 Bd6 19. Nxb8 Qxa4 20. bxa4 Rxb8 21. f3 Bf5 22. Bf4 {Grischuk,A (2745)-Duda,J (2731) chess.com INT 2022 1-0 (58)}) 8. c3 Na6 9. Qb3 $146 ({RR} 9. Qa4 Qb6 10. c4 Nf6 11. c5 Qb4 12. Qxb4 Nxb4 13. Bd2 a5 14. Rfc1 h6 15. b3 Na6 16. Nc2 Ne4 17. Be1 Bf6 18. f4 g5 19. Ne3 Bh7 20. N3g4 Bg7 21. Nf2 Nxf2 22. Kxf2 Nc7 23. a4 f6 {Dusak,A (2147)-Tomasev,N (2035) Nova Gorica 2012 1-0 (95)}) ({RR} 9. Nc2 h5 10. Ne3 Bh7 11. c4 h4 12. cxd5 exd5 13. Nxd5 cxd5 14. Qa4+ Kf8 15. Qd1 {½-½ (15) Carrion Perez,L (1892)-Cabiativa,J (2078) Medellin COL 2024}) 9... Qc8 10. Nc2 h6 11. Ne3 Bh7 12. c4 Nf6 13. Bd2 O-O 14. Rfc1 Rd8 15. Be1 Be4 16. Rd1 Bxg2 17. Nxg2 Nd7 18. Nf3 Nb6 19. cxd5 exd5 20. Ba5 Re8 21. Bxb6 axb6 22. Rac1 Bd6 23. e3 Nc7 24. a3 b5 25. Qd3 Qd7 26. Ngh4 Re4 27. Ng2 Rae8 28. Ra1 Na6 29. Rdc1 g6 30. Qd1 R4e7 31. Nfe1 Kg7 32. Nd3 Qf5 33. a4 bxa4 34. Rxa4 Nc7 35. Rca1 Ne6 36. h4 g5 37. Ra8 Bb8 38. R8a4 Qg6 39. R1a3 Kh7 40. Qg4 f5 41. Qd1 f4 42. exf4 gxf4 43. Ne5 Bxe5 44. dxe5 d4 45. Rxd4 Nxd4 46. Qxd4 fxg3 47. Rxg3 Qb1+ 48. Kh2 Rxe5 49. Qg4 R5e7 50. Nf4 Qe4 51. f3 Qc2+ 52. Rg2 Qb1 53. Nh5 Kh8 54. Nf6 Qa2 55. Qg6 Qf7 56. Qxh6+ 1-0

[Event "chess.com SpeedChess Q2KO"]
[Site "chess.com INT"]
[Date "2022.11.13"]
[Round "2.2"]
[White "Grischuk, A."]
[Black "Xiong, Jeffery"]
[Result "1-0"]
[WhiteElo "2745"]
[BlackElo "2692"]
[PlyCount "129"]
[EventDate "2022.11.13"]
[EventType "k.o."]

1. Nf3 Nf6 2. g3 d5 3. Bg2 c5 4. O-O g6 5. c4 Bg7 6. cxd5 Nxd5 7. Nc3 O-O 8. Nxd5 Qxd5 9. d3 Nc6 10. Be3 Bd7 11. Nd4 Qd6 12. Nxc6 Bxc6 13. Bxc6 Qxc6 14. Rc1 Qe6 15. Rxc5 Qxa2 16. Rb5 b6 17. Qb3 Qxb3 18. Rxb3 Rfc8 ({RR} 18... Rac8 19. Ra1 Rc7 20. Rba3 a5 21. Rb3 Rc2 22. Rxb6 Rxe2 23. d4 Rd8 24. Ra4 Re1+ 25. Kg2 Rd1 26. Rxa5 Bxd4 27. Bxd4 R8xd4 28. Ra7 Re4 29. Rbb7 Rd2 30. Rxe7 Rxe7 31. Rxe7 Rxb2 32. h4 h5 33. Re3 {Dronavalli,H (2493)-Kashlinskaya,A (2493) London ENG 2024 ½-½ (34)}) 19. Ra1 f5 20. Kf1 Kf7 21. Ra6 $146 ({RR} 21. Ra2 Bf6 22. Rb4 Rcb8 23. Ra6 Rb7 24. b3 Rc8 25. Rc4 Rcc7 26. f3 Rd7 27. g4 Rd5 28. h3 h5 29. g5 Be5 30. Bd2 Bd6 31. Ke1 Rb5 32. b4 Rd5 33. Bc3 Ke6 34. Kd1 Kd7 35. Kc2 Bc7 {Meier,G (2656)-Lanka,Z (2468) Austria 2011 1-0 (57)}) 21... Rc2 22. Rb4 Rb8 23. Rxa7 Rxb2 24. Rxb2 Bxb2 25. Bf4 Rc8 26. Rb7 Bd4 27. e3 Bf6 28. Rxb6 g5 29. Bb8 g4 30. d4 h5 31. Kg2 h4 32. gxh4 Bxh4 33. Bg3 Bf6 34. h3 gxh3+ 35. Kxh3 Rc2 36. Kg2 Rc3 37. Rb4 Ra3 38. Kf3 Ra7 39. Rb5 e6 40. Bd6 Rd7 41. Bf4 Kg6 42. Rb6 Kf7 43. Ra6 Bg7 44. Bd6 Bf6 45. Ke2 Bg7 46. f4 Rb7 47. Kf3 Bf6 48. Bc5 Bh4 49. Bb6 Ke7 50. Ke2 Kd7 51. Kd3 Bf2 52. e4 fxe4+ 53. Kxe4 Bh4 54. Bc5 Rb1 55. Rd6+ Ke8 56. Rxe6+ Kf7 57. Rh6 Bf6 58. Kf5 Bg7 59. Rb6 Rd1 60. Rb7+ Kg8 61. Rd7 Re1 62. d5 Bc3 63. Bd6 Re8 64. Be5 Bb4 65. d6 1-0

[Event "chess.com SpeedChess Q2KO"]
[Site "chess.com INT"]
[Date "2022.11.13"]
[Round "2.6"]
[White "Grischuk, A."]
[Black "Xiong, Jeffery"]
[Result "1-0"]
[WhiteElo "2745"]
[BlackElo "2692"]
[PlyCount "71"]
[EventDate "2022.11.13"]
[EventType "k.o."]

1. Nf3 d5 2. g3 Nc6 3. d4 Bf5 4. Bg2 Nb4 5. Na3 e6 6. O-O h6 7. Ne5 c6 ({RR} 7... Bd6 8. c3 Bxe5 9. dxe5 Nc6 10. Qb3 Qc8 11. Nb5 Nge7 12. f4 O-O 13. Nd4 Bh7 14. Qa3 a5 15. Be3 a4 16. Rac1 Rd8 17. Rfd1 Nxd4 18. cxd4 Qd7 19. Bd2 Be4 20. Bb4 Nc6 21. g4 Ra6 22. Be1 {Wang,H (2732)-Ding,L (2777) China 2016 ½-½ (33)}) ({RR} 7... Nf6 8. c3 Na6 9. Qb3 Qc8 10. Nac4 c6 11. Na5 Rb8 12. Bf4 Nh5 13. Bd2 Nf6 14. c4 Bd6 15. Rac1 O-O 16. Bf4 Rd8 17. Qa4 dxc4 18. Naxc4 Bc7 19. Qd1 c5 20. e3 g5 21. g4 Bh7 22. Bg3 {Grischuk,A (2745)-Afanasiev,N (2568) Moscow RUS 2022 ½-½ (48)}) 8. c3 Na6 9. Qa4 $146 ({RR} 9. Nc2 Nf6 10. f3 Be7 11. e4 Bh7 12. Qe2 Nc7 13. Bf4 O-O 14. Rad1 Nd7 15. Ng4 a5 16. Bc1 b5 17. Nce3 f6 18. Nf2 Nb6 19. f4 Nc4 20. Nxc4 bxc4 21. Rfe1 Bd6 22. Qh5 f5 23. exd5 cxd5 {Lomsadze,D (2253)-Rostomyan,M (2294) Yerevan ARM 2024 0-1 (74)}) 9... Qb6 10. Nac4 dxc4 11. Nxc6 Nc7 12. Na5+ Qb5 13. Qxb5+ Nxb5 14. Bxb7 Rb8 15. Bc6+ Kd8 16. Nxc4 g5 17. f4 Nd6 18. Nxd6 Bxd6 19. e4 Bh3 20. Rf2 gxf4 21. e5 Bc7 22. Bxf4 Ne7 23. Bg2 Bf5 24. Raf1 Kd7 25. Bc1 Rb5 26. g4 Bg6 27. h4 h5 28. gxh5 Rxh5 29. Bg5 Nf5 30. Bf3 Rh7 31. Rh2 Bb6 32. h5 Nxd4 33. cxd4 Bxd4+ 34. Kh1 Rxe5 35. Bf6 Bxh5 36. Bxe5 1-0

[Event "chess.com SpeedChess Q2KO"]
[Site "chess.com INT"]
[Date "2022.11.13"]
[Round "2.11"]
[White "Artemiev, V."]
[Black "Naroditsky, D."]
[Result "1-0"]
[WhiteElo "2701"]
[BlackElo "2617"]
[PlyCount "71"]
[EventDate "2022.11.13"]
[EventType "k.o."]

1. Nf3 g6 2. e4 Bg7 3. d4 d6 4. Bc4 c6 5. O-O Nf6 6. e5 dxe5 7. dxe5 Nd5 8. h3 O-O 9. Qe2 Qc7 10. Rd1 ({RR} 10. Re1 h6 11. Nbd2 Bf5 12. Nf1 Nd7 13. Ng3 Be6 14. Bb3 Nc5 15. Nd4 Nxb3 16. axb3 Qc8 17. c3 c5 18. Nf3 b6 19. Ra4 Rd8 20. Rh4 g5 21. Bxg5 hxg5 22. Nxg5 Bf5 23. e6 Bg6 24. exf7+ Bxf7 {Kramnik,V (2788)-Ponomariov,R (2718) Moscow 2008 1-0}) ({RR} 10. Re1 Rd8 11. a4 a5 12. Nbd2 Na6 13. Nb3 Be6 14. Ng5 Bf5 15. Bxa6 bxa6 16. Nd4 Qc8 17. Nxf5 Qxf5 18. e6 f6 19. Nf7 Nb4 20. Nxd8 Rxd8 21. Rd1 Rxd1+ 22. Qxd1 Qxe6 23. Bd2 f5 24. Bc3 Bxc3 {Buscara,S (2359)-Touzane,O (2242) Chennai IND 2024 1-0 (36)}) 10... Rd8 $146 ({RR} 10... Be6 11. Bb3 Nd7 12. c4 N5b6 13. Bf4 Nc5 14. Nc3 a5 15. Qe3 Na6 16. c5 Nd7 17. Bxe6 fxe6 18. Bg5 Ndxc5 19. Rac1 b6 20. a3 Rad8 21. Na2 Rxd1+ 22. Rxd1 Rd8 23. Rxd8+ Qxd8 24. Nd4 Qd7 25. b4 {Krasnodebska,M (1996)-Pon,N (2140) Kemer 2007 ½-½ (50)}) 11. Nbd2 Nf4 12. Qe1 Be6 13. Bb3 Bxb3 14. Nxb3 Rxd1 15. Qxd1 Ne6 16. Nbd4 Nxd4 17. Qxd4 Nd7 18. Bf4 Nf8 19. Be3 Ne6 20. Qe4 Rd8 21. a4 a5 22. b4 axb4 23. Qxb4 c5 24. Qe4 Nd4 25. Bxd4 cxd4 26. Rb1 Qc6 27. Qxc6 bxc6 28. Rb7 Ra8 29. Rxe7 Bf8 30. Rc7 c5 31. Ng5 Rxa4 32. Nxf7 Ra2 33. Ng5 Rxc2 34. Ne4 Bg7 35. e6 Re2 36. Rc8+ 1-0

[Event "chess.com SpeedChess Q2KO"]
[Site "chess.com INT"]
[Date "2022.11.13"]
[Round "2.15"]
[White "Artemiev, V."]
[Black "Naroditsky, D."]
[Result "1-0"]
[WhiteElo "2701"]
[BlackElo "2617"]
[PlyCount "111"]
[EventDate "2022.11.13"]
[EventType "k.o."]

1. Nf3 g6 2. g3 Bg7 3. d4 Nf6 4. Bg2 O-O 5. O-O d6 6. Nc3 Nbd7 7. a4 a5 8. b3 e5 ({RR} 8... Re8 9. Ba3 d5 10. Re1 c6 11. e4 Nxe4 12. Nxe4 dxe4 13. Rxe4 Nf6 14. Re1 Bg4 15. h3 Bxf3 16. Qxf3 e6 17. Rad1 Qb6 18. c4 Rad8 19. Qe3 Qa6 20. Qf3 h5 21. Bc1 Rd7 22. Rd3 Qb6 23. Red1 {Artemiev,V (2714)-Karjakin,S (2750) Moscow RUS 2023 ½-½}) 9. dxe5 dxe5 10. Nd2 ({RR} 10. Ba3 Re8 11. Nd2 Bf8 12. Bb2 Bg7 13. Qc1 Nc5 14. Rd1 Nfd7 15. Nde4 Ne6 16. Nb5 f5 17. Nec3 Ra6 18. e4 f4 19. Qd2 g5 20. Bh3 Nd4 21. Nxd4 exd4 22. Nb5 Rxe4 23. Bg2 Re8 24. Bxd4 Nf6 {Ashraf,A (2399)-Golubev,M (2461) chess.com INT 2024 1-0}) 10... Nb6 $146 ({RR} 10... Re8 11. Ba3 Nb6 12. Qe1 Bf8 13. Bxf8 Rxf8 14. Nde4 Nxe4 15. Bxe4 f5 16. Rd1 Qe8 17. Bg2 c6 18. Qd2 Be6 19. Qe3 Nd7 20. Rd6 Qe7 21. Rfd1 Kg7 22. f4 e4 23. g4 Nf6 24. g5 Ne8 25. R6d2 {Delgado Ramirez,N (2572)-Lopez Rayo,S (2306) Palmira COL 2022 1-0 (48)}) 11. Bb2 c6 12. Ba3 Re8 13. Nce4 Nfd5 14. Nd6 Re6 15. N2e4 Bf8 16. Nxc8 Rxc8 17. Bxf8 Qxf8 18. Qd2 f5 19. Ng5 Rd6 20. Qxa5 Ra8 21. Qe1 Nd7 22. e4 Ne7 23. Qb4 Qf6 24. Qc4+ Kg7 25. Nf3 Rd8 26. a5 Nf8 27. Rfe1 f4 28. Qc3 Nd7 29. Bh3 fxg3 30. hxg3 Rf8 31. Re3 g5 32. Bxd7 Rxd7 33. Qxe5 g4 34. Qxf6+ Kxf6 35. Ne1 Ng6 36. Nd3 Kg5 37. a6 bxa6 38. Rxa6 Rf6 39. Ra5+ Kh6 40. Kg2 Rdf7 41. e5 Rf5 42. Ra4 Kg5 43. e6 Re7 44. Rc4 Rc7 45. Nc5 Ne7 46. Ne4+ Kg6 47. Nd6 Rg5 48. Nf7 Rd5 49. Rxg4+ Kf6 50. Rf4+ Kg7 51. Ne5 Ng6 52. Nxg6 hxg6 53. e7 Rc8 54. e8=Q Rxe8 55. Rxe8 g5 56. Re7+ 1-0

[Event "St Louis Fall B 2022"]
[Site "Saint Louis USA"]
[Date "2022.11.10"]
[Round "9.1"]
[White "Jacobson, Brandon"]
[Black "Harutyunyan, Tigran K."]
[Result "1-0"]
[WhiteElo "2551"]
[BlackElo "2504"]
[PlyCount "95"]
[EventDate "2022.11.02"]

1. Nf3 d5 2. e3 Nf6 3. c4 e6 4. Nc3 b6 5. cxd5 exd5 6. g3 Bd6 7. Bg2 O-O 8. O-O Bb7 9. b3 Re8 10. Bb2 a6 11. Rc1 Nbd7 12. Re1 Qe7 ({RR} 12... Rc8 13. Re2 Qe7 14. d3 Ba3 15. Bxa3 Qxa3 16. Rec2 c5 17. d4 c4 18. Nd2 cxb3 19. Nxb3 Qd6 20. Qd3 g6 21. a4 Kg7 22. a5 b5 {½-½ (22) Zhao,Y (2466)-Petr,M (2474) Plzen CZE 2025}) 13. Nh4 g6 14. Nf3 $146 ({RR} 14. Ne2 c5 15. d4 Ne4 16. Nf4 Ndf6 17. Rc2 Rac8 18. dxc5 Bxc5 19. Qd3 Rcd8 20. Bd4 Ng4 21. Nf3 h5 22. h3 Nh6 23. Bb2 Nf5 24. Nd4 Nxd4 25. Bxd4 a5 26. Rec1 Qd7 27. Bb2 Kh7 28. Rd1 h4 {Keymer,V (2667)-Chen,Q (2485) Chess.com INT 2022 1-0 (39)}) 14... Ba3 15. Bxa3 Qxa3 16. d4 Qd6 17. Re2 Re7 18. Rec2 Kg7 19. Ne2 c6 20. Nf4 Ne4 21. Nd2 a5 22. Qe1 Rae8 23. Bxe4 dxe4 24. Nc4 Qf6 25. b4 a4 26. b5 cxb5 27. Na3 Qf5 28. Rc7 Ba6 29. R1c6 Nf6 30. Rxe7 Rxe7 31. Qb4 Rd7 32. h3 Nd5 33. Nxd5 Rxd5 34. h4 Qf3 35. Nc2 Rf5 36. Qd2 b4 37. d5 Be2 38. Qe1 Rxd5 39. Nd4 Rxd4 40. Qa1 Kh6 41. Qxd4 Qf5 42. Rf6 Qc5 43. Qxe4 Kg7 44. Rc6 Bd3 45. Rxc5 Bxe4 46. Rb5 Bb1 47. Rxb4 Bxa2 48. Rxa4 1-0

[Event "Titled Tue 8th Nov Early"]
[Site "chess.com INT"]
[Date "2022.11.08"]
[Round "3"]
[White "Nakamura, Hi"]
[Black "Timofeev, Arty"]
[Result "1-0"]
[WhiteElo "2768"]
[BlackElo "2567"]
[PlyCount "81"]
[EventDate "2022.11.08"]

1. Nf3 Nf6 2. g3 g6 3. Bg2 Bg7 4. O-O O-O 5. d3 c5 6. e4 Nc6 7. c3 d6 8. Nbd2 e5 9. a3 h6 10. b4 a6 ({RR} 10... Be6 11. Rb1 b6 12. Bb2 Qd7 13. d4 exd4 14. cxd4 Nxd4 15. Nxd4 cxd4 16. Bxd4 Rac8 17. Re1 Rc7 18. Rc1 Rfc8 19. Rxc7 Qxc7 20. Qa1 Qc2 21. Nf3 Ng4 22. Bxg7 Qxf2+ 23. Kh1 Rc2 24. Nh4 Ra2 25. Qc3 {Hera,I (2542)-Gschnitzer,A (2430) Budapest HUN 2024 0-1}) ({RR} 10... b6 11. Re1 Be6 12. Bb2 Re8 13. h3 Qd7 14. Kh2 Rad8 15. b5 Nb8 16. a4 a5 17. d4 exd4 18. cxd4 cxd4 19. Nxd4 Nh7 20. Nf1 Nf8 21. Qd2 Qe7 22. Ne3 Nfd7 23. Ndf5 gxf5 24. Bxg7 f4 25. Bxh6 {Nakamura,H (2768)-Renjith,S (2172) chess.com INT 2023 1-0 (65)}) 11. bxc5 dxc5 12. Nc4 Qc7 $146 ({RR} 12... Ne8 13. a4 Nd6 14. Nfd2 Be6 15. Ne3 b5 16. Nd5 Rc8 17. axb5 axb5 18. Nb3 Ne7 19. Be3 Bxd5 20. exd5 Qb6 21. Rb1 f5 22. c4 f4 23. Bd2 b4 24. Qg4 g5 25. Qe6+ Rf7 26. Bf3 Kf8 27. Bh5 {Fries Nielsen,J (2378)-Mueer,S (2188) Hamburg 2019 1-0 (48)}) 13. Ne3 Be6 14. c4 Nd4 15. a4 b5 16. Nxd4 cxd4 17. Nd5 Bxd5 18. cxd5 Rfc8 19. Bh3 Rd8 20. Bd2 Qb7 21. Qc2 Ne8 22. Rfc1 Bf8 23. Qc6 Qxc6 24. dxc6 Nc7 25. Ba5 Bd6 26. Bb6 Rdb8 27. a5 Re8 28. Bd7 Re7 29. Rf1 Kg7 30. f4 f6 31. Ra2 Rf8 32. Raf2 Ref7 33. h4 h5 34. Kg2 Na8 35. f5 g5 36. Be6 g4 37. Bxf7 Kxf7 38. c7 Bxc7 39. Bxc7 Nxc7 40. Rc2 Ne8 41. Rc6 1-0

[Event "Titled Tue 8th Nov Early"]
[Site "chess.com INT"]
[Date "2022.11.08"]
[Round "3"]
[White "Postny, E."]
[Black "Grandelius, N."]
[Result "1-0"]
[WhiteElo "2588"]
[BlackElo "2657"]
[PlyCount "79"]
[EventDate "2022.11.08"]

1. Nf3 g6 2. c4 Bg7 3. Nc3 c5 4. d4 cxd4 5. Nxd4 Nc6 6. e3 Nf6 7. Be2 O-O 8. O-O d6 9. b3 Nxd4 10. exd4 d5 11. c5 ({RR} 11. Be3 dxc4 12. bxc4 Qc7 13. Rc1 Bf5 14. Nb5 Qd7 15. h3 h5 16. Qb3 Rfd8 17. Rfd1 b6 18. d5 Ne4 19. Nd4 Nc5 20. Qa3 Qd6 21. Nxf5 gxf5 22. Bxh5 f4 23. Bxc5 bxc5 24. Rb1 Rdb8 25. Qa4 Bd4 {Cori,J (2686)-Bogner,S (2584) Biel 2019 1-0 (49)}) 11... Ne4 ({RR} 11... b6 12. b4 a5 13. b5 bxc5 14. dxc5 Ne4 15. Nxe4 Bxa1 16. Bh6 Bg7 17. Bxg7 Kxg7 18. Nc3 d4 19. Na4 e5 20. c6 Be6 21. b6 Qd6 22. Bf3 Bd5 23. c7 Rac8 24. Re1 f6 25. Bxd5 Qxd5 26. Qb3 {Zhu,J (2469)-Korol,D (2287) chess.com INT 2024 1-0 (33)}) 12. Bb2 Bf5 13. b4 h5 $146 ({RR} 13... a5 14. b5 h5 15. f3 Ng5 16. Na4 Ne6 17. Nb6 Rb8 18. Qd2 h4 19. Rfd1 Kh7 20. Qxa5 Nxc5 21. Bc3 Ne6 22. g4 Nf4 23. Bf1 Be6 24. Na4 Qxa5 25. Bxa5 Ra8 26. Bc7 Rxa4 27. Bxf4 Bxd4+ 28. Rxd4 {Begunov,K (2325)-Stoyanov,T (2396) Chess.com INT 2021 0-1 (39)}) 14. Nxe4 dxe4 15. Qd2 Qd5 16. Rac1 Qxa2 17. Bc4 Qa4 18. d5 Bxb2 19. Qxb2 Rac8 20. c6 e3 21. Ra1 Qc2 22. Qxc2 Bxc2 23. b5 bxc6 24. dxc6 Rc7 25. fxe3 e6 26. Ra2 Be4 27. Rfa1 Bxc6 28. bxc6 Rxc6 29. Be2 Rc3 30. Kf2 Rd8 31. Rxa7 Rd2 32. R7a2 Rd5 33. Ra5 Rxa5 34. Rxa5 Kg7 35. Ra7 Rc2 36. Kf3 Rb2 37. h4 Rb4 38. g3 Rb1 39. Bc4 Rb4 40. Bxe6 1-0

[Event "Titled Tue 8th Nov Early"]
[Site "chess.com INT"]
[Date "2022.11.08"]
[Round "4"]
[White "Svane, R."]
[Black "Perez Ponsa, F."]
[Result "1-0"]
[WhiteElo "2619"]
[BlackElo "2538"]
[PlyCount "85"]
[EventDate "2022.11.08"]

1. Nf3 Nf6 2. g3 g6 3. Bg2 Bg7 4. O-O O-O 5. d4 d6 6. Re1 Nbd7 7. e4 e5 8. Nc3 Re8 9. a4 c6 10. h3 Qc7 11. Be3 b6 12. Qd2 a6 13. g4 Bb7 14. Rad1 b5 15. dxe5 dxe5 $146 ({RR} 15... Nxe5 16. Nxe5 dxe5 17. Qd6 Rac8 18. Bg5 Re6 19. Qxc7 Rxc7 20. Rd8+ Ne8 21. Red1 b4 22. Ne2 c5 23. b3 f6 24. Be3 Bf8 25. Ng3 Rd6 26. R1xd6 Nxd6 27. Bh6 Rc8 28. Rd7 Bc6 29. Bxf8 Bxd7 30. Bxd6 {Svane,R (2613)-Kozionov,K (2470) Chess.com INT 2020 0-1 (60)}) ({RR} 15... Nxe5 16. Nxe5 dxe5 17. Qd6 Qxd6 18. Rxd6 h5 19. g5 Nh7 20. h4 Nf8 21. Bh3 Bc8 22. Bxc8 Rexc8 23. axb5 axb5 24. b3 Ne6 25. Red1 Bf8 26. Rd7 Bb4 27. R1d3 Kg7 28. Kg2 Bc5 29. Rb7 Bxe3 30. Rxe3 {Svane,R (2625)-Firouzja,A (2777) chess.com INT 2023 0-1 (42)}) 16. g5 b4 17. gxf6 Nxf6 18. Ne2 c5 19. Ng3 Nxe4 20. Qd7 Re7 21. Qxc7 Rxc7 22. Nxe4 Bxe4 23. Ng5 Bxg2 24. Kxg2 c4 25. Rd6 h6 26. Ne4 f5 27. Nf6+ Bxf6 28. Rxf6 Kg7 29. Re6 e4 30. Rd1 g5 31. Rdd6 f4 32. Bd4+ Kf7 33. Rxe4 b3 34. c3 a5 35. Rxh6 Rac8 36. Re5 Rc6 37. Rf5+ Ke7 38. Rh7+ Ke6 39. Re5+ Kd6 40. Rxg5 f3+ 41. Kg3 Re8 42. Rh6+ Kd7 43. Rg7+ 1-0

[Event "Titled Tue 8th Nov Early"]
[Site "chess.com INT"]
[Date "2022.11.08"]
[Round "4"]
[White "Chigaev, M."]
[Black "Postny, E."]
[Result "1-0"]
[WhiteElo "2632"]
[BlackElo "2588"]
[PlyCount "109"]
[EventDate "2022.11.08"]

1. Nf3 d5 2. c4 c6 3. e3 Bg4 4. Nc3 e6 5. Qb3 Qb6 6. Ne5 Bf5 7. d4 Nf6 ({RR} 7... f6 8. Nf3 Nd7 9. Bd2 Qxb3 10. axb3 Bg6 11. Be2 Bd6 12. O-O Ne7 13. Nh4 Bc2 14. Bd1 Bxd1 15. Rfxd1 O-O 16. Nf3 Rfe8 17. Kf1 Nf5 18. Rac1 Bb4 19. Na4 Bxd2 20. Rxd2 Rec8 21. cxd5 exd5 22. b4 {Ribeiro,M (2273)-Duncan,C (2178) chess.com INT 2025 1-0 (45)}) 8. Bd2 $146 ({RR} 8. Be2 Nbd7 9. cxd5 Nxe5 10. dxe5 Nxd5 11. O-O Qxb3 12. axb3 Bc2 13. Nxd5 exd5 14. f4 Bxb3 15. f5 Bb4 16. Rf4 c5 17. Bb5+ Ke7 18. Rxb4 cxb4 19. Bd2 Kd8 20. Bxb4 Bc4 21. Ba4 Kc7 22. Bd6+ Kb6 {Kiewra,K (2293)-Holt,C (2540) chess.com INT 2024 0-1 (40)}) 8... Nbd7 9. Nxd7 Nxd7 10. Be2 Qxb3 11. axb3 Bc2 12. Bd1 Bd3 13. c5 e5 14. b4 a6 15. b5 Bxb5 16. Nxb5 cxb5 17. Bb3 exd4 18. exd4 Nf6 19. O-O-O O-O-O 20. Rhe1 Rd7 21. Bc2 g6 22. Bg5 Bg7 23. f3 Re8 24. Bb3 Rde7 25. Rxe7 Rxe7 26. Kd2 Kc7 27. g4 Kc6 28. Kd3 Re6 29. h4 Nd7 30. Be3 Nf8 31. Rg1 Re8 32. f4 Re4 33. f5 Nd7 34. h5 g5 35. Bc2 h6 36. Kd2 Rxd4+ 37. Bxd4 Bxd4 38. Re1 Ne5 39. Bd1 Kxc5 40. b3 Kd6 41. Be2 f6 42. Rc1 Bc5 43. Rd1 b4 44. Kc2 a5 45. Bc4 d4 46. Be2 Kd5 47. Ra1 b6 48. Re1 Ke4 49. Bc4+ Kf4 50. Be2 Kg3 51. Bd1 Kf2 52. Rxe5 fxe5 53. Kd3 Be7 54. Bc2 Kf3 55. Bd1+ 1-0